<?xml version="1.0" encoding="utf-8"?>
<?xml-stylesheet type='text/xsl' href='./oai2.xsl'?>
<OAI-PMH xmlns="http://www.openarchives.org/OAI/2.0/" xmlns:xsi="http://www.w3.org/2001/XMLSchema-instance" xsi:schemaLocation="http://www.openarchives.org/OAI/2.0/ http://www.openarchives.org/OAI/2.0/OAI-PMH.xsd">
  <responseDate>2026-05-15T15:32:01Z</responseDate>
  <request verb="GetRecord" metadataPrefix="marcxml" identifier="record_kuniweb_66476">https://kulturerbe.niedersachsen.de/oai</request>
  <GetRecord>
    <record>
      <header>
        <identifier>record_kuniweb_66476</identifier>
        <datestamp>2024-02-22T10:22:04Z</datestamp>
        <setSpec>slg0197</setSpec>
      </header>
      <metadata>
        <marc:record xmlns:marc="http://www.loc.gov/MARC21/slim" xsi:schemaLocation="http://www.loc.gov/MARC21/slim http://www.loc.gov/standards/marcxml/schema/MARC21slim.xsd">
          <marc:leader>12345nrm  22     uu 4500</marc:leader>
          <marc:controlfield tag="001">66476</marc:controlfield>
          <marc:controlfield tag="003">http://kuniweb.gbv.de</marc:controlfield>
          <marc:controlfield tag="005">2017-12-04T13:45:40</marc:controlfield>
          <marc:controlfield tag="008">|           ||||||||||||||||||||||</marc:controlfield>
          <marc:datafield tag="245" ind1="1" ind2="0">
            <marc:subfield code="a">Bibel, Foliobibel Dieckmann</marc:subfield>
          </marc:datafield>
          <marc:datafield tag="655" ind1=" " ind2="7">
            <marc:subfield code="a">Druckschriften</marc:subfield>
          </marc:datafield>
          <marc:datafield tag="046" ind1=" " ind2=" ">
            <marc:subfield code="k">1701</marc:subfield>
            <marc:subfield code="k">1701 - 1702 (Einband 1710)</marc:subfield>
            <marc:subfield code="l">1702</marc:subfield>
          </marc:datafield>
          <marc:datafield tag="260" ind1=" " ind2=" ">
            <marc:subfield code="g">1701</marc:subfield>
            <marc:subfield code="g">1702</marc:subfield>
            <marc:subfield code="g">1701 - 1702 (Einband 1710)</marc:subfield>
          </marc:datafield>
          <marc:datafield tag="300" ind1=" " ind2=" ">
            <marc:subfield code="a">Höhe: 37,8 cm
Breite: 25,5 cm</marc:subfield>
          </marc:datafield>
          <marc:datafield tag="520" ind1=" " ind2=" ">
            <marc:subfield code="a">Die Bibel des Stader Generalsuperintendenten D. Johannis
Dieckmann wird in Stade gedruckt, in der heutigen Hansa
Druckerei Stelzer. Zunächst erscheint 1690 eine erste Oktavbibel, 1701 folgt die Foliobibel im Altarformat. 1710 verwendet die frisch gegründete Cansteinische Bibelanstalt in Halle den Text als Grundlage für ihre Bibelausgaben. Über diesen Weg kommt es auch zur Übersetzung in zahlreiche Sprachen.
So bildet die „Stader Bibel“ den Ausgangspunkt der ersten
Weltbibel, die international erscheint. (Sebastian Möllers)

Literatur in Zusammenhang:
H. Roscher, „Johannes Diecmann und seine Stader Bibel(n). "Was Dolmetschen für Kunst und Arbeit sei"“. Evangelische Verlagsanstalt, Leipzig, S. 137-146, 2014.

Literatur in Zusammenhang:
„Stade : Vergangenheit und Gegenwart ; ein Heimatbuch, erschienen 1928 zum Heimatfest im Auftrage des Stader Geschichts- und Heimatvereins“. Hauschild, Bremen, 1928. (S. 36-41, hier S. 37f)

Literatur in Zusammenhang:
K. Schroeder, „Die Stader Bibel des Generalsuperintendenten Dr. Johann Diekmann“. Stader Geschichts- und Heimatverein, Stade.

Literatur in Zusammenhang:
„Bildband. Die Kunstdenkmale der Stadt Stade ; 2“. Wenner, Osnabrück, 1980. (S. 29 Nr. 25)

Literatur in Zusammenhang:
B. Wirtgen, „Die Königlich-Schwedische privilegierte Buchdruckerei in Stade : Elias Holwein und seine Nachfolger von 1651 bis 1848“. 1959.

Beschrieben in:
D. Meyer, „Mittelalter und Neuzeit. Bestandskatalog / Schwedenspeicher-Museum Stade ; 1“. Hansa-Druckerei, Stade, 1992. (S. 345ff.)

Literatur in Zusammenhang:
„Abbensen bis Junker-Wehningen. Die Pastoren der Landeskirchen Hannovers und Schaumburg-Lippes seit der Reformation ; 1“. 1941.

Literatur in Zusammenhang:
„Bürklein - Ditmar. Neue deutsche Biographie ; Dritter Band“. 1957. (S. 336f.)</marc:subfield>
          </marc:datafield>
          <marc:datafield tag="773" ind1="0" ind2=" ">
            <marc:subfield code="t">Sammlung des Stader Geschichts- und Heimatvereins</marc:subfield>
          </marc:datafield>
          <marc:datafield tag="852" ind1=" " ind2=" ">
            <marc:subfield code="a">Museum Schwedenspeicher</marc:subfield>
          </marc:datafield>
          <marc:datafield tag="" ind1=" " ind2=" ">
            <marc:subfield code="a">Namensnennung 4.0 International (CC BY 4.0)</marc:subfield>
          </marc:datafield>
        </marc:record>
      </metadata>
    </record>
  </GetRecord>
</OAI-PMH>
